Normal view
MARC view
- Hossein Nasr, Seyyed
Entry Personal Name
001 - CONTROL NUMBER
- control field: 76669
003 - CONTROL NUMBER IDENTIFIER
- control field: NUST
005 - DATE AND TIME OF LATEST TRANSACTION
- control field: 20210628205705.0
008 - FIXED-LENGTH DATA ELEMENTS
- fixed length control field: 210628|| aca||aabn | a|a d
040 ## - CATALOGING SOURCE
- Original cataloging agency: NUST
- Transcribing agency: NUST
100 ## - HEADING--PERSONAL NAME
- Personal name: Hossein Nasr, Seyyed
670 ## - SOURCE DATA FOUND
- Source citation: Work cat.: (NUST): Hossein Nasr, Seyyed, Ideals and realities of islam, 1999
